| 000 | 00537nam a2200169Ia 4500 | ||
|---|---|---|---|
| 005 | 20250424120305.0 | ||
| 008 | 250424s9999 xx 000 0 und d | ||
| 022 | _a23159855 | ||
| 050 | _aPL 8021 .N5 M38/ | ||
| 245 | 0 | _aKAJOLLS: Katsina journal of linguistic and literary studies | |
| 260 | _aKatsina | ||
| 260 | _bDepartment of English and French of Umaru Musa Yar’adua University | ||
| 260 | _c2013 | ||
| 300 | _avii, 245p.; 23cm | ||
| 650 | _aNigerian philology--Periodicals. Nigerian literature--Periodicals. | ||
| 942 | _cSR | ||
| 999 |
_c38469 _d38469 |
||